[Event "Landesliga Sued 1011"]
[Site "Bayern"]
[Date "2011.02.06"]
[Round "6.8"]
[White "Brychcy, Felix"]
[Black "Monninger, Moritz Franz"]
[Result "0-1"]
[WhiteElo "2003"]
[BlackElo "2057"]
[PlyCount "52"]
[EventDate "2010.10.10"]
[EventType "team-tourn"]
[EventRounds "9"]
[EventCountry "GER"]
[SourceTitle "EXT 2012"]
[Source "ChessBase"]
[SourceDate "2011.11.24"]
[SourceVersion "1"]
[SourceVersionDate "2011.11.24"]
[SourceQuality "1"]
[WhiteTeam "Muenchen Zugzwang"]
[BlackTeam "Muenchen Tarrasch II"]
[WhiteTeamCountry "GER"]
[BlackTeamCountry "GER"]

1. d4 d5 2. c4 e6 3. Nc3 Nf6 4. cxd5 exd5 5. Bg5 Be7 6. e3 Nbd7 7. Qc2 c6 8. Bd3 0-0 9. Nge2 Re8 10. f3 Nf8 11. 0-0 h6 12. Bh4 Ne6 13. Rad1 Nh5 14. Bf2 Bd6 15. Kh1 Qc7 16. g4 Nf6 17. Ng3 Ng5 18. Bf5 Nxf3 19. Bxc8 Raxc8 20. Nf5 Nxh2 21. Bh4 Nxf1 22. Rxf1 Ne4 23. Nxe4 Rxe4 24. Qf2 Rxg4 25. Nxd6 Rxh4+ 26. Qxh4 Qxd6 0-1